Catalog

Record Details

Catalog Search



Super Potato and the soaring terror of the ... Read More

Laperla (Artist),(author,, illustrator.).
MacTire, Norwyn,(translator.).
Series: Super Potato ; 8

Available copies

  • 1 of 1 copy available at LARL/NWRL Consortium.
  • 1 of 1 copy available at Lake Agassiz Regional Library. (Show preferred library)

Current holds

0 current holds with 1 total copy.

Show Only Available Copies
Location Call Number / Copy Notes Barcode Shelving Location Status Due Date
Moorhead Public Library J G LAP (Text) 33500013574793 Main Available -

Record details

  • ISBN: 9781728424583
  • ISBN: 1728424585
  • ISBN: 9781728448749
  • ISBN: 1728448743
  • Physical Description: 60 pages : chiefly color illustrations ; 23 cm
  • Edition: First American edition.
  • Publisher: Minneapolis : Graphic Universe , 2022.

Content descriptions

Summary, etc.:
Augusta Richly, the world's richest girl, wants a ... Read More
Target Audience Note:
Ages 7-11. Graphic Universe.
Grades 2-3. Graphic Universe.
Subject: Potatoes > Comic books, strips, etc.
Superheroes > Comic books, strips, etc.
Supervillains > Comic books, strips, etc.
Graphic novels > Spain.
Pterosauria > Comic books, strips, etc.
Dinosaurs > Comic books, strips, etc.
Pomme de terre > Bandes dessinées.
Bandes dessinées de superhéros.
Supervilains > Bandes dessinées.
Romans graphiques > Espagne.
Ptérosauriens > Bandes dessinées.
Dinosaures > Bandes dessinées.
Genre: Graphic novels > Spain.
superhero comics.
Graphic novels.
Humorous fiction.
Graphic novels.
Comics (Graphic works)
Humorous comics.
Superhero comics.
Bandes dessinées.
Bandes dessinées humoristiques.
Bandes dessinées de superhéros.
LDR 03082cam a22007338i 4500
001388984
003LARL_NWRL_CONSORTIUM
00520220405201311.0
008210326s2022 mnua j 6 000 1 eng
010 . ‡a 2021014437
040 . ‡aDLC ‡beng ‡erda ‡cDLC ‡dOCLCO ‡dOCLCF ‡dDLC ‡dOCLCO ‡dHBP ‡dGO3 ‡dUAP ‡dSDG ‡dOCLCO
020 . ‡a9781728424583 ‡q(library binding)
020 . ‡a1728424585 ‡q(library binding)
020 . ‡a9781728448749 ‡q(paperback)
020 . ‡a1728448743 ‡q(paperback)
020 . ‡z9781728444161 ‡q(ebook)
035 . ‡a(OCoLC)1243910562
0411 . ‡aeng ‡hspa
042 . ‡apcc
08200. ‡a741.5/973 ‡223
1000 . ‡aLaperla ‡c(Artist), ‡eauthor, ‡eillustrator.
24510. ‡aSuper Potato and the soaring terror of the pterosaur / ‡cstory and illustrations by Artur Laperla ; translation by Norwyn MacTíre.
250 . ‡aFirst American edition.
264 1. ‡aMinneapolis : ‡bGraphic Universe , ‡c2022.
300 . ‡a60 pages : ‡bchiefly color illustrations ; ‡c23 cm
336 . ‡atext ‡btxt ‡2rdacontent
336 . ‡astill image ‡bsti ‡2rdacontent
337 . ‡aunmediated ‡bn ‡2rdamedia
338 . ‡avolume ‡bnc ‡2rdacarrier
4900 . ‡aSuper Potato ; ‡v8
5211 . ‡aAges 7-11. ‡bGraphic Universe.
5212 . ‡aGrades 2-3. ‡bGraphic Universe.
520 . ‡aAugusta Richly, the world's richest girl, wants a pterosaur, but when her father hires a villainous super-scientist to make it happen, the prehistoric creature escapes and only Super Potato can capture the winged lizard.
650 0. ‡aPotatoes ‡vComic books, strips, etc.
650 0. ‡aSuperheroes ‡vComic books, strips, etc.
650 0. ‡aSupervillains ‡vComic books, strips, etc.
650 0. ‡aGraphic novels ‡zSpain.
650 0. ‡aPterosauria ‡vComic books, strips, etc.
650 0. ‡aDinosaurs ‡vComic books, strips, etc.
650 6. ‡aPomme de terre ‡vBandes dessinées.
650 6. ‡aBandes dessinées de superhéros.
650 6. ‡aSupervilains ‡vBandes dessinées.
650 6. ‡aRomans graphiques ‡zEspagne.
650 6. ‡aPtérosauriens ‡vBandes dessinées.
650 6. ‡aDinosaures ‡vBandes dessinées.
655 0. ‡aGraphic novels ‡zSpain.
655 7. ‡asuperhero comics. ‡2aat
655 7. ‡aGraphic novels. ‡2fast
655 7. ‡aHumorous fiction. ‡2lcgft
655 7. ‡aGraphic novels. ‡2lcgft
655 7. ‡aComics (Graphic works) ‡2lcgft
655 7. ‡aHumorous comics. ‡2lcgft
655 7. ‡aSuperhero comics. ‡2lcgft
655 7. ‡aBandes dessinées. ‡2rvmgf
655 7. ‡aBandes dessinées humoristiques. ‡2rvmgf
655 7. ‡aBandes dessinées de superhéros. ‡2rvmgf
7001 . ‡aMacTire, Norwyn, ‡etranslator.
77608. ‡iOnline version: ‡aLaperla, Artur, ‡tSuper Potato and the soaring terror of the pterosaur ‡bFirst American edition. ‡dMinneapolis : Graphic Universe , 2022. ‡z9781728444161 ‡w(DLC) 2021014438
901 . ‡a388984 ‡b ‡c388984 ‡tbiblio

Additional Resources